000 00496cam a2200193 i 4500
020 _a0070615969
040 _cDLC
082 0 0 _a636 HIL 1975 A055 Or.
100 1 _aStoddart, L. A.
245 1 0 _aRange management /
250 _a3d ed.
260 _aNew York :
_bMcGraw-Hill,
_c[1975]
300 _ax, 532 p. :
_bill. ;
_c24 cm.
490 0 _aMcGraw-Hill series in forest resources
650 0 _aRange management.
700 1 _aSmith, Arthur D.
700 1 _aBox, Thadis W.,
942 _cEK
999 _c15345
_d15345